000 00600nam a2200205Ia 4500
003 GCL
008 140319s9999 xx 000 0 ara d
040 _aGCL /
_cGCL
082 0 4 _a810.99
_bن ا
100 1 _aنبيل راغب
245 1 0 _aاعلام التنوير المعاصر /
_cنبيل راغب
260 _a[S.N] :
_bالهيئة المصرية العامة للكتاب ،
_c1989
300 _a183 ص
490 _a
650 0 4 _aالادب العربى
650 0 4 _aالعصر الحديث
650 0 4 _aالادباء
650 0 4 _aالعصر الحجرى
942 _2ddc
_cBK
999 _c29005
_d29005